000 00604nam a2200229Ia 4500
003 GCL
008 140319s9999 xx 000 0 eng d
040 _aGCL /
_cGCL
082 0 4 _a843
_bS S
100 1 _aSTENDHAL
245 1 0 _aSOUVENIRS D'EGOTISME : SUVIE DE PROJETS D'AUTOBIOGRAPHIE ET DE LES PRIVILEGES /
_cSTENDHAL
260 _a[S.N] :
_bGALLIMARD ،
_c1983
300 _a253
490 _aCOLLECTION FOLIO
_v0
650 0 4 _aLITERATURE
650 0 4 _aFICTION
650 0 4 _aSTENDHAL
650 0 4 _aFRENCH FICTION
650 0 4 _aFRENCH LITERATURE
650 0 4 _aBIOGRAPHIES
942 _2ddc
_cBK
999 _c25449
_d25449